| 000 | 02147cam a22003135a 4500 | ||
|---|---|---|---|
| 001 | L143840 | ||
| 008 | 080702s2008 xxkdo f 000 0 eng d | ||
| 020 | _a9780860176640 | ||
| 035 | _a(Sirsi) u143840 | ||
| 041 | 0 | _aeng | |
| 050 | 0 | 4 | _a624.2 $2 18 |
| 100 | 1 | _aDeacon, David H. | |
| 245 | 0 | 0 |
_aIron and steel bridges _bcondition appraisal and remedial treatment |
| 260 |
_aLondon _bCIRIA $2 008 |
||
| 300 |
_axviii, 240p. _bill. _c30cm. |
||
| 505 | 2 | _aMaterials and structural forms -- Guidance on statutory and other requirements -- Asset management and preventative maintenance -- Defects and deterioration -- Inspection, testing and monitoring -- Structural assessment -- Remedial works - general principles -- Remedial works - repair -- Remedial works - strengthening and replacement -- Protective systems | |
| 505 | 2 | _aAppendices: Aliminium bridges -- Case studies: Coalport bridge, Shropshire; Battersea bridge, London; Kinzua viaduct, Pennsylvania, USA; Braemore Great bridge, Hampshire; Brockhampton bridge, Hampshire; Battersea Yard railway bridge, South London; Pontcysyllte aqueduct, North Wales; Armstrong bridge, Newcastle; Balgay Park footbridge, Dundee; Killearn station bridge, Stirlingshire; Holloway Road bridge, London | |
| 520 | _aGuidance aimed at meeting the requirements of those having general knowledge of bridge engineering and asset management but who need specific information about the performances and requirements of iron and steel bridges. It seeks to provide and illustrate good practice for general application and to provide relevant infromation. Case studies for successful schemes are cited and described, in addition to case studies for both successful and unsuccessful examples of repair and strengthening projects. | ||
| 521 | _aAdvanced | ||
| 590 | _aKA | ||
| 651 | 4 |
_aEngland and Wales _y1543- |
|
| 690 | _aPROPERTY-INFRASTRUCTURE-TRANSPORT INFRASTRUCTURE-ROAD INFRASTRUCTURE | ||
| 700 | 1 | _aDe Voy, J. | |
| 700 | 1 | _aJackson, P. A. | |
| 700 | 1 | _aMatthews, S. J. | |
| 700 | 1 | _aTilly, G. P. | |
| 710 | 1 |
_aConstruction Industry Research and Information Association _94810 |
|
| 942 | _n0 | ||
| 999 |
_c108282 _d108282 |
||